| 000 | 00397nam a2200157Ia 4500 | ||
|---|---|---|---|
| 008 | 230917s9999||||xx |||||||||||||| ||und|| | ||
| 020 | _cDM122 | ||
| 040 |
_e1013 _aMAIN |
||
| 041 | _aEnglish | ||
| 082 | _a589.9 P964M | ||
| 100 | _aPuhler, A, ed. | ||
| 245 | 0 | _aMolecular genetics of the bacteria-plant interaction | |
| 260 |
_aBerlin _bSpringer-Verlag _c1983 |
||
| 300 | _a393 p. | ||
| 942 | _cBK | ||
| 999 |
_c43297 _d43297 |
||